000 00200 a2200097 4500
001 7811
100 _aTaylor, F S
245 _aThe world of science
260 _a
_bHeinemann
_c
090 _c6260
_d6260
942 _aNUST-CAE
_cM
_c32779
999 _c242884
_d242884